000 00496nam a2200157Ia 4500
008 151213s9999 xx 000 0 und d
100 _aশ্বঙ্খ ঘোষের
245 _aশেষ্ঠ কবিতা
_cশ্বঙ্খ ঘোষের
250 _a১ম সং
260 _aঢাকা
_bদে’জ পাবলিশার
_c1970
300 _a8366 p.
650 _aBangla
650 _aকবিতা
700 _aশ্বঙ্খ ঘোষের
999 _c4206
_d4206